| 000 | 01081nam a2200265Ia 4500 | ||
|---|---|---|---|
| 999 |
_c34812 _d34812 |
||
| 001 | 622 | ||
| 003 | GE_BSU | ||
| 005 | 20250417151429.0 | ||
| 008 | 181216s2005||||ge |||||||||||||| ||geo|| | ||
| 020 | _a9994040707 | ||
| 040 | _cGE_BSU | ||
| 041 | _ageo | ||
| 080 | _a004+004.056.5(075.8) კ–97 | ||
| 100 |
_aკუციავა, გ. _924867 |
||
| 245 |
_aინფორმაციის დაცვა : _b დამხმ. სახელმძღვ. / _cვ. კუციავა, გ. კაცაძე, ქ. დიაკონიძე ; [რედ.: ნ. ჯიბლაძე] ; სტუ. |
||
| 245 | _bდამხმარე სახელმძღვანელო | ||
| 260 | _c2005 | ||
| 264 |
_aთბილისი : _bტექნ. უნ-ტი, _c2005. |
||
| 300 |
_a150 გვ.: _b ცხრ. ; _c 29 სმ. |
||
| 504 | _a ბიბლიოგრ.: გვ. 100. | ||
| 541 | _h6ლ. | ||
| 653 | _aინფორმაციის დაცვა | ||
| 700 |
_aკაცაძე, გ., _e ავტორი _924868 |
||
| 942 |
_cBK _2udc |
||